Les 10 villes les plus peuplées de Seine-et-Marne (77) - Statistiques

Statistiques générales
  • Ce quiz a été pris 99 fois
  • Le résultat moyen est 5 sur 10
Statistiques - réponses
Population Communes % Correct
43 700 Melun
96%
56 700 Meaux
93%
54 400 Chelles
65%
38 900 Pontault-Combault
42%
30 600 Savigny-le-Temple
37%
26 300 Bussy-Saint-Georges
34%
26 700 Champs-sur-Marne
34%
26 800 Villeparisis
24%
23 300 Dammarie-les-Lys
22%
23 500 Roissy-en-Brie
22%
Aucun quiz correspondant
Distribution des résultats
% des personnes avec chaque résultat
Percentile par nombre de réponses
Votre historique - résultats
Vous n’avez pas pris ce quiz